Normal view
MARC view
- Rick L. Bartholomew, RID
Entry Personal Name
001 - CONTROL NUMBER
- control field: 66931
003 - CONTROL NUMBER IDENTIFIER
- control field: JO-AjAnu
005 - DATE AND TIME OF LATEST TRANSACTION
- control field: 20260415070946.0
008 - FIXED-LENGTH DATA ELEMENTS
- fixed length control field: 260415|| aca||aabn | a|a d
040 ## - CATALOGING SOURCE
- Original cataloging agency: JO-AjAnu
100 ## - HEADING--PERSONAL NAME
- Personal name: Rick L. Bartholomew, RID
- Relator term: Author